Zákon z 23. októbra 2003, ktorým sa mení a dopĺňa zákon Slovenskej národnej rady č. 317/1992 Zb. o dani z nehnuteľností v znení neskorších prepisov
Úplné znenie zákona č. 204/2003 Z. z., ktorým sa mení a dopĺňa zákon Slovenskej národnej rady č. 317/1992 Zb. o dani z nehnuteľností v znení neskorších predpisov. Zákon nadobúda účinnosť od 1.1. 2004.
Gespeichert in:
| Format: | Buchkapitel |
|---|---|
| Sprache: | Slowakisch |
| Schlagworte: | |
| Tags: |
Keine Tags, Fügen Sie das erste Tag hinzu!
|
MARC
| LEADER | 00000naa$a2200000$$$4500 | ||
|---|---|---|---|
| 001 | 0003685 | ||
| 005 | 20230927104743.8 | ||
| 041 | 0 | |a slo | |
| 044 | |a SK | ||
| 245 | 1 | 0 | |a Zákon z 23. októbra 2003, ktorým sa mení a dopĺňa zákon Slovenskej národnej rady č. 317/1992 Zb. o dani z nehnuteľností v znení neskorších prepisov |
| 520 | |a Úplné znenie zákona č. 204/2003 Z. z., ktorým sa mení a dopĺňa zákon Slovenskej národnej rady č. 317/1992 Zb. o dani z nehnuteľností v znení neskorších predpisov. Zákon nadobúda účinnosť od 1.1. 2004. | ||
| 610 | 2 | 0 | |a zákony |
| 610 | 2 | 0 | |a Slovensko |
| 610 | 2 | 0 | |a dane |
| 610 | 2 | 0 | |a dane z nehnuteľností |